Como acercarse a la poesia (Registro nro. 28577)

Detalles MARC
000 -CABECERA
Longitud fija campo de control 00598nam a2200217 a 4500
003 - • IDENTIFICADOR DELl NÚMERO DE CONTROL
Identificador del número de control CO-ViMGA
008 - • CÓDIGOS DE INFORMACIÓN DE LONGITUD FIJA
Códigos de información de longitud fija 141112s2004 ck r 000 u spa d
020 ## - • NÚMERO INTERNACIONAL NORMALIZADO PARA LIBROS
Número Internacional Normalizado para Libros (ISBN) 9681841832
040 ## - FUENTE DE LA CATALOGACIÓN
Centro catalogador de origen CO-ViMGA
Lengua de catalogación spa
Centro transcriptor CO-ViMGA
082 04 - • NÚMERO DE LA CLASIFICACIÓN DECIMAL DEWEY
Número de clasificación (R) 808.81 K72
100 1# - • PUNTO DE ACCESO PRINCIPAL-NOMBRE DE PERSONA
Nombre de persona Krauze, Ethel
245 10 - • TITULO PROPIAMENTE DICHO
Título Como acercarse a la poesia
300 ## - • DESCRIPCIÓN FÍSICA
Extensión 176 p.
490 ## - • MENCIÓN DE SERIE
Mención de serie Como acercarse a ...
590 ## - NOTAS LOCALES
Nota local Forma de adquisición : Premio Mincultura
650 14 - • PUNTO DE ACCESO ADICIONAL DE MATERIA - TÉRMINO DE MATERIA
Término de materia o nombre geográfico como elemento inicial POESIA - COLECCIONES
650 14 - • PUNTO DE ACCESO ADICIONAL DE MATERIA - TÉRMINO DE MATERIA
Término de materia o nombre geográfico como elemento inicial POESIA - HISTORIA Y CRITICA
942 ## - ENTRADA DE ELEMENTOS AGREGADOS (KOHA)
Fuente de clasificaión o esquema Dewey Decimal Classification
Koha [por defecto] tipo de item LIbro
Existencias
Perdido Fuente de clasificación o esquema Estado Físico No para préstamo Forma de adquisición Localización permanente Localización actual Fecha adquisición Serie de enumeración / cronolog&íacute;a Préstamos totales Signatura completa Código de barras Fecha última consulta Número de copia Fecha del precio de reemplazo Tipo de item de Koha Localización en estanterías Fuente de adquisición
  Dewey Decimal Classification     Sala General Segundo Piso Biblioteca Pública Germán Arciniegas - Villavicencio Biblioteca Pública Germán Arciniegas - Villavicencio 12/04/2015 Volumen. 1 | 11/jun/2009   808.81 K72 19431 12/04/2015 Ej. 1 12/04/2015 LIbro    
  Dewey Decimal Classification     Literatura General Biblioteca Pública Granada - Boca del Monte Biblioteca Pública Granada - Boca del Monte 02/20/2026     P-KRA GRDA02112 02/20/2026 Ej.1 02/20/2026 LIbro Literatura Biblioteca Nacional de Colombia









Instituto Departamental de Cultura del Meta - Red Departamental de Bibliotecas Públicas del Meta.